LEADER 01938nam 2200373 n 450 001 996390771003316 005 20221108055155.0 035 $a(CKB)4940000000105572 035 $a(EEBO)2248503885 035 $a(UnM)99855649 035 $a(EXLCZ)994940000000105572 100 $a19920903d1587 uy | 101 0 $alat 135 $aurbn||||a|bb| 200 00$aParabolć siue Similia Des. Eras. Rot. ex diligenti auctorum collatione nouissimum regognita, cum vocabulorum aliquot non ita vulgarium explicatione. Accesserunt annotationes longe? vtilissime, vna cum indice, quć adolescentia vsum manifeste? commonstrabunt, auctore Ioanne Artopćo Spirense. Similitudines alić etiam collectaneć ex Cicerone, aliisque scriptoribus additć$b[electronic resource] 210 $aLondini $c[T. Orwin] impensis Guilielmi Nortoni$d[1587?] 215 $a216, [12] p 300 $aPrinter's name from and publication conjectured by STC. 300 $aIdentified as STC 14099a on UMI microfilm, reel 738. 300 $aImperfect; closely trimmed at foot, with probable loss of imprint date. 300 $aReproduction of the original in the Folger Shakespeare Library. 330 $aeebo-0055 606 $aParables$vEarly works to 1800 615 0$aParables 700 $aErasmus$b Desiderius$fd. 1536.$0799747 701 $aArtopoeus$b Johannes$f1520-1566.$0971505 801 0$bCu-RivES 801 1$bCu-RivES 801 2$bCStRLIN 801 2$bWaOLN 906 $aBOOK 912 $a996390771003316 996 $aParabolć siue Similia Des. Eras. Rot. ex diligenti auctorum collatione nouissimum regognita, cum vocabulorum aliquot non ita vulgarium explicatione. Accesserunt annotationes longe? vtilissime, vna cum indice, quć adolescentia vsum manifeste? commonstrabunt, auctore Ioanne Artopćo Spirense. Similitudines alić etiam collectaneć ex Cicerone, aliisque scriptoribus additć$92360633 997 $aUNISA